000 00306nam a22001337a 4500
003 SGT
020 _a9789390709434
082 _a615.19
_bJAI
100 _aJAIN GAURAV KUMAR
245 _aTHEORY AND PRACTICAL OF PHYSICAL PHARMACY
260 _aINDIA
_bCBS PUB
_c2025
300 _a403
942 _2ddc
_cBK
999 _c34442
_d34442